000
00285nam a22001217a 4500
020
_a
0-7153-8597-6
082
_a
686.2 SAN'G
100
_a
SANDERS, NORMAN
_9
76297
245
_a
GRAPHIC DESIGNER'S PRODUCTION HANDBOOK
260
_a
LONDON
_b
DAVID
_c
1982
300
_a
206P
942
_c
BK
999
_c
581692
_d
581692